Windows Boot Process - Statistics

General Stats
  • This quiz has been taken 8 times
  • The average score is 2 of 12
Answer Stats
Hint Answer % Correct
BIOS 1 POST
67%
BIOS 2 BIOS/UEFI
33%
BIOS 3 bootmgr
33%
BIOS 5 ntoskrnl
33%
BIOS 4 winload
33%
UEFI 4 BDS
0%
UEFI 3 DXE
0%
UEFI 2 PEI
0%
UEFI 6 RT
0%
UEFI 1 Sec
0%
UEFI 5 TSL
0%
BIOS 6 winit/winlogon
0%
No matching quizzes found
Score Distribution
Percent of People with Each Score
Percentile by Number Answered
Your Score History
You have not taken this quiz